Die Dänische Landwirtschaft

Na minha lista:
Detalhes bibliográficos
Formato: Livro
Idioma:alemão
Publicado em: Jena Gustav Fischer 1908
Tags: Adicionar Tag
Sem tags, seja o primeiro a adicionar uma tag!

MARC

LEADER 00000nam a2200000 4500
001 0304329
005 20240926082152.9
041 0 |a ger 
044 |a DE 
245 1 0 |a Die Dänische Landwirtschaft  |c Theodor Brinkmann 
264 1 |a Jena  |b Gustav Fischer  |c 1908